000 00484nam a22001937a 4500
003 koha_MIRAKIL
005 20231213100025.0
008 231213b |||||||| |||| 00| 0 ||| d
020 _b978-9-75338817-7
040 _aTR-IsEVY
_btur
_cTR-IsEVY
082 _a813.42 KOÇ/B
100 _aKoçak, Hüzeyme Yeşim.
245 0 _aBekleyen
260 _bAkçağ Yayınları,
_c2006
300 _a174 s.
650 _aTürk hikayesi.
650 _aTurkish story.
942 _2ddc
_cBK
999 _c13272
_d13272